Loreto College Library, Kolkata
WEBOPAC (ONLINE PUBLIC ACCESS CATALOGUE)

Nobel Prize winners in pictures (Record no. 12915)

MARC details
000 -LEADER
fixed length control field 00577nam a2200181Ia 4500
008 - FIXED-LENGTH DATA ELEMENTS--GENERAL INFORMATION
fixed length control field 131103s9999 xx 000 0 und d
020 ## - ISBN | অাই এস বি এন
ISBN | অাই এস বি এন 8175962453
PRICE Rs 695
040 ## - CATALOGING SOURCE
Original cataloging agency Loreto College
041 ## - LANGUAGE CODE
Language code English
082 ## - DDC | ডিউই
Classification number | বর্গসংখ্যা 030/NAT(Ref)
Book Number | গ্রন্থাঙ্ক LCLIB/44720
245 ## - TITLE STATEMENT | অাখ্যা বিবরণী
Title | অাখ্যা Nobel Prize winners in pictures
Sub title | উপঅাখ্যা (1901-2003)
Statement of responsibility | লেখকের দায়িত্বের বিবরণ Prepared by National Council of Science Museums, India
260 ## - IMPRINT | প্রকাশনা ক্ষেত্র
Place of publication | প্রকাশ স্থান Delhi
Name of publisher | প্রকাশকের নাম Foundation Books
Date of publication | প্রকাশ কাল 2005
300 ## - PHYSICAL DESCRIPTION |
Page / Vol. No | পৃষ্ঠা / খন্ড সংখ্যা xiv,177p
Other physical details | অনান্য বাহ্যিক বিবরণ ill
650 ## - SUBJECT ADDED ENTRY--TOPICAL TERM | বিষয় শিরোনাম - মূল বিষয়
Topical term | মূল বিষয় Nobel Prize
700 ## - ADDED ENTRY--PERSONAL NAME | অতিরিক্ত সংলেখ - ব্
Personal name | ব্যাক্তিনাম India, National Council of Science Museums
850 ## - HOLDING INSTITUTION
Holding institution LCLIB/030/NAT
942 ## - ADDED ENTRY ELEMENTS (KOHA)
Koha item type Books
Holdings
Withdrawn status Lost status Damaged status Not for loan Home library Current library Date acquired Total Checkouts Full call number Accession No. Date last seen Price effective from Koha item type
        Loreto College Loreto College 04/11/2013   030/NAT(Ref) LCLIB/44720 B12913 04/11/2013 04/11/2013 Books